00382nam a22001457a 450000500170000000800410001702000180005804100120007608200130008810000340010124500420013526000090017730000250018665000250021120250814070413.0250814b |||||||| |||| 00| 0 eng d a9780639971902 aEnglish a340. NKH aNkhwashu NcAdvocatelEnglish aA Lawyer Who Never Was / cN Nkhwashu c2020 b169 pages; c25 cm.  aLegal practice bLaw